El abominable hombre de las nieves (Record no. 84265)

MARC details
000 -LEADER
campo de control de longitud fija 00605nam a2200181 i 4500
001 - NÚMERO DE CONTROL
campo de control 84265
003 - IDENTIFICADOR DE NÚMERO DE CONTROL
campo de control ES-MaACL
005 - FECHA Y HORA DE LA ÚLTIMA TRANSACCIÓN
campo de control 20230906175001.0
007 - CAMPO FIJO DE DESCRIPCIÓN FÍSICA--INFORMACIÓN GENERAL
campo de control de longitud fija t|
008 - DATOS DE LONGITUD FIJA--INFORMACIÓN GENERAL
campo de control de longitud fija 041122s1956 sp ||||1| spa d
100 1# - ENTRADA PRINCIPAL--NOMBRE DE PERSONA
Nombre de persona Izzard, Ralph.
9 (RLIN) 65756
245 13 - MENCIÓN DEL TÍTULO
Título El abominable hombre de las nieves
Resto del título : expedición inglesa tras las huellas del "Yeti" /
Mención de responsabilidad, etc. Ralph Izzard ; [traducción de Juan G. de Luaces].
250 ## - MENCION DE EDICION
Mención de edición [1ª ed.].
260 ## - PUBLICACIÓN, DISTRIBUCIÓN, ETC.
Lugar de publicación, distribución, etc. Barcelona :
Nombre del editor, distribuidor, etc. Juventud,
Fecha de publicación, distribución, etc. [1956] (
Fabricante Atenas)
300 ## - DESCRIPCIÓN FÍSICA
Extensión 222 p., 12 lám. ;
Dimensiones 22 cm.
700 0# - ENTRADA AGREGADA--NOMBRE PERSONAL
Nombre de persona Luaces, Juan G. de.
9 (RLIN) 74483
852 ## - LOCALIZACIÓN
Ubicación ES-MaACL
Número de control de estantería C-11499
Sublocalización o colección R.38640
Holdings
Estatus retirado Estado de pérdida Estado de daño No para préstamo Biblioteca de origen Biblioteca actual Ubicación en estantería Fecha de adquisición Fuente de adquisición Total de préstamos Signatura topográfica completa Código de barras Visto por última vez Precio de reemplazo Tipo de ítem Koha
        Biblioteca del Ateneo de Madrid Biblioteca del Ateneo de Madrid Sala Palomar 17/01/2008     C-11499 1088065 23/02/2023 23/02/2023 Libro impreso